000 01355nam a22003737a 4500
003 CHAP
005 20220329135612.0
008 971013s1995 r 00010 d
010 _a39153
011 _a40125
035 _a44250
040 _cCHAP
090 _aTesis
100 0 0 _aHernández Díaz, Ramiro.
_953963
245 _aObtención de callo in vitro de líneas susceptibles y resistentes de maíz (Zea mays L.) en el desarrollo de larvas de tres especies del orden Lepidoptera
260 _aChapingo, Méx. :
_bEl autor,
_c1995
300 _a72 h.
_b: ilus.
502 _aTesis (Ing. Agr. Esp. en Fitotecnia) -- UACH. Departamento de Fitotecnia
590 _aALEPH
_b10
_c20130110
_lUCH01
_h1306
590 _aBATCH-UPD
_b10
_c20130110
_lUCH01
_h0028
590 _aBATCH-UPD
_b10
_c20130110
_lUCH01
_h2033
590 _aBATCH-UPD
_b10
_c20130409
_lUCH01
_h2010
590 _aBATCH-UPD
_b10
_c20130410
_lUCH01
_h1349
590 _aBATCH-UPD
_b10
_c20130914
_lUCH01
_h1115
590 _aCONVERSION
_b10
_c20130109
_lUCH01
_h1322
650 1 4 _aCultivo de tejidos.
_930213
650 1 4 _aDiatraea.
_932429
650 1 4 _aMaíz
_xPlagas.
_971034
650 1 4 _aMaíz
_xVariedades resistentes a plagas.
_971083
901 _aBK
942 _cFOLL
949 _bBC
_cTES
_d-101388
_eTS1
_h27735
_i44250
_si
949 _bBC
_cTES
_d-101389
_eTS2
_fc.2
_h27736
_i44250
_si
999 _c39153
_d39153